[Event "Landesklasse Ost 2015/2016"]
[Site "?"]
[Date "2016.01.31"]
[Round "9"]
[White "Strauch, Martin"]
[Black "Skarus, Steffen"]
[Result "1/2-1/2"]
[WhiteElo "1766"]
[BlackElo "1768"]
[PlyCount "80"]
[EventDate "2016.??.??"]
[WhiteTeam "SV Empor Erfurt"]
[BlackTeam "SV Jenapharm Jena"]

1. e4 g6 2. d4 Bg7 3. Nc3 c5 4. dxc5 Qa5 5. Bd2 Qxc5 6. Nd5 b6 7. Bb4 Qc6 8.
Bb5 Qb7 9. Ne2 a6 10. Bd3 Nc6 11. Bc3 Bxc3+ 12. Nexc3 d6 13. O-O e6 14. Ne3 b5
15. Be2 Qe7 16. Qd2 Bb7 17. Rfd1 Rd8 18. a4 b4 19. Na2 Nf6 20. f3 d5 21. e5
Nxe5 22. Qxb4 Qxb4 23. Nxb4 a5 24. Bb5+ Ke7 25. Nd3 Nfd7 26. c3 Nxd3 27. Rxd3
Nc5 28. Rdd1 Rc8 29. Ra3 Rhd8 30. Ng4 Ba6 31. Bxa6 Nxa6 32. Ne5 f6 33. Nd3 d4
34. Kf2 dxc3 35. bxc3 Rc4 36. Ke2 Rdc8 37. Kd2 Nc7 38. Nb2 Rd8+ 39. Kc2 Rxd1
40. Kxd1 Rc5 1/2-1/2

[Event "Landesklasse Ost 2015/2016"]
[Site "?"]
[Date "2016.01.31"]
[Round "9"]
[White "Hesse, Norbert"]
[Black "Streichardt, Niklas"]
[Result "0-1"]
[WhiteElo "1715"]
[BlackElo "1741"]
[PlyCount "64"]
[EventDate "2016.??.??"]
[WhiteTeam "SV Jenapharm Jena"]
[BlackTeam "SV Empor Erfurt"]

1. e4 e5 2. Nf3 Nc6 3. Bc4 Bc5 4. d3 Nf6 5. Bg5 h6 6. Bxf6 Qxf6 7. Nc3 Nd4 8.
Nd5 Nxf3+ 9. Qxf3 Qxf3 10. gxf3 Bd6 11. Rg1 c6 12. Ne3 g6 13. Ke2 Ke7 14. Rg2
b5 15. Bb3 Bb7 16. Rag1 Rhf8 17. Bxf7 Rxf7 18. Rxg6 Raf8 19. Nf5+ Rxf5 20. exf5
Rxf5 21. Rxh6 Rf7 22. h4 c5 23. h5 Bxf3+ 24. Ke1 e4 25. dxe4 Bxe4 26. a3 c4 27.
Rg4 Bf5 28. Rg8 Bf4 29. Rhh8 Kd6 30. Rf8 Re7+ 31. Kf1 Bh3+ 32. Kg1 Re1# 0-1

[Event "Landesklasse Ost 2015/2016"]
[Site "?"]
[Date "2016.01.31"]
[Round "9"]
[White "Thiemann, Jürgen"]
[Black "Reinsch, Martin"]
[Result "1-0"]
[WhiteElo "1692"]
[BlackElo "1647"]
[PlyCount "93"]
[EventDate "2016.??.??"]
[WhiteTeam "SV Empor Erfurt"]
[BlackTeam "SV Jenapharm Jena"]

1. d4 Nf6 2. c4 c5 3. d5 b5 4. cxb5 a6 5. Nc3 axb5 6. e4 b4 7. Nb5 d6 8. Bf4
Bd7 9. e5 dxe5 10. Bxe5 Bxb5 11. Bxb5+ Nbd7 12. Bc6 Ra7 13. Nf3 Qb6 14. O-O e6
15. Bxf6 gxf6 16. Nd2 Bg7 17. Nc4 Qc7 18. dxe6 fxe6 19. Qh5+ Ke7 20. Bxd7 Kxd7
21. Qf7+ Kc8 22. Qxe6+ Kb8 23. a3 b3 24. Rad1 f5 25. Rd3 Rb7 26. Qxf5 Bd4 27.
Qh3 Qf7 28. Nd6 Qf6 29. Nxb7 Kxb7 30. Rxb3+ Kc7 31. Rf3 Qe7 32. b3 Re8 33. Qf5
Qd6 34. Qf7+ Re7 35. Qc4 Re4 36. Rf7+ Kb6 37. Qc2 Qe6 38. Rf3 Qe7 39. a4 Re2
40. Qc4 Rb2 41. Qb5+ Kc7 42. a5 Qe6 43. a6 c4 44. Qxc4+ Qxc4 45. bxc4 Ra2 46.
a7 Bxa7 47. Rf7+ 1-0

[Event "Landesklasse Ost 2015/2016"]
[Site "?"]
[Date "2016.01.31"]
[Round "9"]
[White "Griechen, Harry"]
[Black "Schulz, Wolfgang"]
[Result "0-1"]
[WhiteElo "1626"]
[BlackElo "1428"]
[PlyCount "24"]
[EventDate "2016.??.??"]
[WhiteTeam "SV Jenapharm Jena"]
[BlackTeam "SV Empor Erfurt"]

1. b4 e6 2. Bb2 f5 3. e3 Nf6 4. a3 d5 5. Nf3 Bd6 6. c4 c6 7. Be2 Nbd7 8. d3 Qe7
9. Nbd2 a5 10. c5 Bc7 11. O-O O-O 12. h3 e5 {Handy-Klingeln bei Schachfreund
Griechen.} 0-1

[Event "Landesklasse Ost 2015/2016"]
[Site "?"]
[Date "2016.02.14"]
[Round "6"]
[White "Kühn, Martin"]
[Black "Renner, Wolfgang"]
[Result "1-0"]
[WhiteElo "1903"]
[BlackElo "1689"]
[PlyCount "61"]
[EventDate "2016.??.??"]
[WhiteTeam "ESV Lok Sömmerda"]
[BlackTeam "SV Empor Erfurt"]

1. d4 d5 2. c4 c6 3. Nf3 Nf6 4. e3 Nbd7 5. Nbd2 e5 6. cxd5 cxd5 7. dxe5 Ne4 8.
Bb5 Qa5 9. Qa4 Qxa4 10. Bxa4 Nec5 11. Bc2 Be7 12. O-O O-O 13. Nb3 Ne6 14. Nbd4
Bd8 15. Bb3 Nb6 16. Bd2 Nc5 17. Bc2 Re8 18. Nb5 Ne4 19. Bxe4 dxe4 20. Nd6 Re6
21. Nxe4 Be7 22. Rac1 Bd7 23. Nc5 Bxc5 24. Rxc5 Na4 25. Rc7 Bb5 26. Rfc1 Ba6
27. b3 Nb6 28. Rxf7 Kxf7 29. Ng5+ Ke7 30. Rc7+ Nd7 31. Bb4+ 1-0

[Event "Landesklasse Ost 2015/2016"]
[Site "?"]
[Date "2016.02.14"]
[Round "6"]
[White "Kompe, Jörg"]
[Black "Siegemund, Joachim"]
[Result "0-1"]
[WhiteElo "1828"]
[BlackElo "2012"]
[PlyCount "82"]
[EventDate "2016.??.??"]
[WhiteTeam "SV Empor Erfurt"]
[BlackTeam "ESV Lok Sömmerda"]

1. d4 d5 2. Nf3 Nf6 3. c4 c6 4. cxd5 cxd5 5. Bf4 Nc6 6. e3 g6 7. Nc3 Bg7 8. Bd3
O-O 9. Rc1 Nh5 10. Bg3 Nxg3 11. hxg3 e5 12. dxe5 Nxe5 13. Nxe5 Bxe5 14. O-O d4
15. exd4 Qxd4 16. Bc2 Qxd1 17. Rfxd1 Be6 18. Be4 Rab8 19. Bd5 Rfe8 20. Bxe6
Rxe6 21. Rd7 Kf8 22. Rcd1 Bxc3 23. bxc3 Re7 24. Kf1 Ke8 25. Rxe7+ Kxe7 26. Ke2
Rc8 27. Rb1 b6 28. Kd3 Rc5 29. Rb2 Kd6 30. c4 Re5 31. Kd4 Re1 32. Rd2 Kc6 33.
Kc3 Rc1+ 34. Kb3 h5 35. Rd8 Rg1 36. Rf8 f5 37. Rf6+ Kc5 38. Rxg6 Rxg2 39. f4 h4
40. Rg5 Rxg3+ 41. Kb2 Rxg5 0-1

[Event "Landesklasse Ost 2015/2016"]
[Site "?"]
[Date "2016.02.14"]
[Round "6"]
[White "Koksch, Robert"]
[Black "Zugehör, Frank"]
[Result "1-0"]
[WhiteElo "1874"]
[BlackElo "1885"]
[PlyCount "81"]
[EventDate "2016.??.??"]
[WhiteTeam "ESV Lok Sömmerda"]
[BlackTeam "SV Empor Erfurt"]

1. d4 Nf6 2. c4 g6 3. Nc3 Bg7 4. e4 d6 5. f4 O-O 6. Nf3 Na6 7. Bd3 c5 8. d5 Nc7
9. O-O a6 10. Qc2 Rb8 11. a4 a5 12. Bd2 Na6 13. Na2 Nb4 14. Nxb4 axb4 15. Rae1
Bg4 16. h3 Bxf3 17. Rxf3 Nd7 18. b3 Bd4+ 19. Be3 Bg7 20. Bc1 Qe8 21. Bb2 Bxb2
22. Qxb2 f6 23. Qc2 Qf7 24. e5 fxe5 25. fxe5 Qg7 26. exd6 Rxf3 27. gxf3 exd6
28. Re6 Qd4+ 29. Kg2 Ne5 30. Be4 Rf8 31. Qf2 Qc3 32. Rxd6 Nf7 33. Rd7 Ng5 34.
Qe2 Nxe4 35. Qxe4 Qd2+ 36. Kg3 Qg5+ 37. Kf2 Rf7 38. Qe8+ Rf8 39. Qe6+ Kh8 40.
Qe3 Qh5 41. Rxb7 1-0

[Event "Landesklasse Ost 2015/2016"]
[Site "?"]
[Date "2016.02.14"]
[Round "6"]
[White "Wahlicht, Mike"]
[Black "Kirste, Olaf"]
[Result "1-0"]
[WhiteElo "1731"]
[BlackElo "1934"]
[PlyCount "91"]
[EventDate "2016.??.??"]
[WhiteTeam "SV Empor Erfurt"]
[BlackTeam "ESV Lok Sömmerda"]

1. e4 c5 2. c3 d5 3. exd5 Qxd5 4. d4 Nf6 5. Nf3 Nc6 6. Be3 cxd4 7. cxd4 e6 8.
Be2 Be7 9. Nc3 Qd8 10. O-O O-O 11. Ne5 Nb4 12. Qb3 Nbd5 13. Bg5 h6 14. Nxd5
Nxd5 15. Be3 Qd6 16. Bf3 Rd8 17. Rac1 Qb8 18. g3 Rd6 19. a3 Bd7 20. Qd3 Be8 21.
Bd1 Bf8 22. Bc2 g6 23. Ng4 h5 24. Ne5 Qd8 25. Qe2 Bg7 26. f4 Nxe3 27. Qxe3 Rxd4
28. Be4 Bxe5 29. fxe5 Qb6 30. Bf3 Rad8 31. Rc2 Bb5 32. Re1 Ba4 33. Rf2 Bb3 34.
Bxh5 Rd2 35. Qxb6 axb6 36. Bf3 Rxf2 37. Kxf2 Rd2+ 38. Re2 Rxe2+ 39. Kxe2 Bc4+
40. Ke3 Ba6 41. Kd4 Kf8 42. b4 Ke7 43. a4 b5 44. axb5 Bxb5 45. Bxb7 g5 46. Kc5
1-0

[Event "Landesklasse Ost 2015/2016"]
[Site "?"]
[Date "2016.02.14"]
[Round "6"]
[White "Böhnke, Hartmut"]
[Black "Ulrich, Thomas"]
[Result "0-1"]
[WhiteElo "1756"]
[BlackElo "1467"]
[PlyCount "20"]
[EventDate "2016.??.??"]
[WhiteTeam "ESV Lok Sömmerda"]
[BlackTeam "SV Empor Erfurt"]

1. b4 e5 2. Bb2 e4 3. e3 d5 4. c4 Nf6 5. b5 Be6 6. Qc2 Nbd7 7. cxd5 Bxd5 8. Nc3
Nc5 9. Nh3 Nd3+ 10. Bxd3 exd3 0-1

[Event "Landesklasse Ost 2015/2016"]
[Site "?"]
[Date "2016.02.14"]
[Round "6"]
[White "Mattner, Uwe"]
[Black "Severino, Leonardo"]
[Result "1-0"]
[WhiteElo "1578"]
[BlackElo "1713"]
[PlyCount "80"]
[EventDate "2016.??.??"]
[WhiteTeam "SV Empor Erfurt"]
[BlackTeam "ESV Lok Sömmerda"]

1. d4 d5 2. Nf3 Nf6 3. Bf4 Bf5 4. e3 e6 5. Bd3 Bxd3 6. Qxd3 c6 7. O-O Be7 8. c4
Nh5 9. Bxb8 Rxb8 10. cxd5 exd5 11. Nc3 O-O 12. Qf5 Nf6 13. Ne5 Bd6 14. h3 Re8
15. Ng4 Ne4 16. Nxe4 Rxe4 17. Nh2 Qe7 18. Rfe1 Re8 19. Nf1 Bb8 20. Nd2 Re6 21.
Re2 Qb4 22. Nf1 Re4 23. Ng3 g6 24. Qg5 R4e6 25. Nf1 Qe7 26. Qxe7 R8xe7 27. Nd2
Kg7 28. Nb3 b6 29. Rc1 Kf8 30. Rec2 Rc7 31. Nd2 Ke7 32. Nf3 f6 33. a4 Kd7 34.
g4 Rc8 35. b4 Bd6 36. b5 c5 37. dxc5 bxc5 38. Nd4 Ree8 39. Nc6 a6 40. Rd1 Ke6 {
ZÜ} 1-0

[Event "Landesklasse Ost 2015/2016"]
[Site "?"]
[Date "2016.02.14"]
[Round "6"]
[White "Berlt, Norbert"]
[Black "Aydin, Benjamin"]
[Result "1/2-1/2"]
[WhiteElo "1663"]
[BlackElo "1691"]
[PlyCount "43"]
[EventDate "2016.??.??"]
[WhiteTeam "ESV Lok Sömmerda"]
[BlackTeam "SV Empor Erfurt"]

1. d4 d5 2. Nf3 Nf6 3. Bf4 Bf5 4. e3 e6 5. Bd3 Bd6 6. Bxd6 Qxd6 7. c3 Nbd7 8.
Bxf5 exf5 9. Nbd2 O-O 10. O-O b6 11. Qc2 Ne4 12. c4 c5 13. dxc5 Ndxc5 14. Rad1
Rfd8 15. Nd4 Nxd2 16. Rxd2 dxc4 17. Qxc4 Rac8 18. Qe2 Ne4 19. Rc2 f4 20. Rxc8
Rxc8 21. Qg4 Rd8 22. Nf5 1/2-1/2

[Event "Landesklasse Ost 2015/2016"]
[Site "?"]
[Date "2016.02.14"]
[Round "6"]
[White "Sack, Matthias"]
[Black "Buring, Matthias"]
[Result "1/2-1/2"]
[WhiteElo "1949"]
[BlackElo "2055"]
[PlyCount "41"]
[EventDate "2016.??.??"]
[WhiteTeam "SV Hermsdorf"]
[BlackTeam "SG Arnstadt-Stadtilm"]

1. e4 d5 2. exd5 Nf6 3. d4 Nxd5 4. c4 Nf6 5. Nc3 Bf5 6. Nf3 e6 7. Be2 Be7 8.
Qb3 Qc8 9. O-O O-O 10. Bg5 h6 11. Bh4 Re8 12. Ne5 Nbd7 13. Bf3 Rb8 14. Rfe1 Bf8
15. Bg3 Nxe5 16. Bxe5 Nd7 17. Bg3 a6 18. Rad1 Bd6 19. Ne4 Bxg3 20. Nxg3 Bg6 21.
Qc3 1/2-1/2

[Event "Landesklasse Ost 2015/2016"]
[Site "?"]
[Date "2016.02.14"]
[Round "6"]
[White "Sauer, Marko"]
[Black "Hadlich, Gerald"]
[Result "1/2-1/2"]
[WhiteElo "2054"]
[BlackElo "1808"]
[PlyCount "109"]
[EventDate "2016.??.??"]
[WhiteTeam "SG Arnstadt-Stadtilm"]
[BlackTeam "SV Hermsdorf"]

1. e4 e6 2. d4 d5 3. Nc3 Bb4 4. Bd2 dxe4 5. Qg4 Nf6 6. Qxg7 Rg8 7. Qh6 Qxd4 8.
O-O-O Ng4 9. Qf4 e5 10. Qg3 Bxc3 11. Bxc3 Qxf2 12. Bxe5 Qxg3 13. Bxg3 Ne3 14.
Re1 Nxf1 15. Rxf1 Be6 16. Ne2 Nd7 17. Rf4 O-O-O 18. Rxe4 Bd5 19. Rh4 Bxg2 20.
Rg1 Bd5 21. Nc3 Bc6 22. Rxh7 f6 23. Rf1 Rh8 24. Rxh8 Rxh8 25. Rf4 Re8 26. b4 a6
27. a4 Bg2 28. Rf2 Bh1 29. Kb2 c6 30. a5 Kd8 31. Na4 Re4 32. c3 Ke7 33. Rd2 Re6
34. h4 Bf3 35. c4 Re2 36. Kc3 Rxd2 37. Kxd2 Ke6 38. Ke3 Bh5 39. Kd4 Bf3 40. Nb2
Kf5 41. Nd3 Bh5 42. Nf2 Bf3 43. Ke3 Bg2 44. Bc7 Nf8 45. Bd6 Ne6 46. Be7 Nc7 47.
h5 Ne6 48. h6 Kg6 49. h7 Kxh7 50. Bxf6 Kg6 51. Bh4 Kf5 52. Bg3 c5 53. b5 axb5
54. cxb5 Nd4 55. Nd3 1/2-1/2

[Event "Landesklasse Ost 2015/2016"]
[Site "?"]
[Date "2016.02.14"]
[Round "6"]
[White "Schulz, Phillip"]
[Black "Zeising, Benjamin"]
[Result "1/2-1/2"]
[WhiteElo "1657"]
[BlackElo "1821"]
[PlyCount "56"]
[EventDate "2016.??.??"]
[WhiteTeam "SV Hermsdorf"]
[BlackTeam "SG Arnstadt-Stadtilm"]

1. d4 e6 2. c4 d5 3. Nf3 dxc4 4. e3 a6 5. a4 Nf6 6. Bxc4 Nc6 7. O-O Be7 8. Nc3
Bd7 9. e4 Nb4 10. Ne5 Bc6 11. Nxc6 Nxc6 12. e5 Nd7 13. a5 Nf8 14. Be3 Ng6 15.
f4 Bb4 16. f5 exf5 17. Rxf5 O-O 18. e6 fxe6 19. Bxe6+ Kh8 20. Rh5 Nf4 21. Bxf4
Qxd4+ 22. Qxd4 Nxd4 23. Bxc7 Nxe6 24. Bb6 Nf4 25. Re5 Rae8 26. Rae1 Rxe5 27.
Rxe5 Nd3 28. Re4 h6 1/2-1/2

[Event "Landesklasse Ost 2015/2016"]
[Site "?"]
[Date "2016.02.14"]
[Round "6"]
[White "Riedel, Erich"]
[Black "Bülau, Daniel"]
[Result "1/2-1/2"]
[WhiteElo "1693"]
[BlackElo "1672"]
[PlyCount "29"]
[EventDate "2016.??.??"]
[WhiteTeam "SG Arnstadt-Stadtilm"]
[BlackTeam "SV Hermsdorf"]

1. Nc3 d5 2. d4 Nf6 3. Bf4 Bf5 4. Nf3 e6 5. e3 Be7 6. Bd3 Bg6 7. O-O O-O 8.
Bxg6 hxg6 9. h3 c5 10. Ne2 Nbd7 11. c3 Ne4 12. Nd2 Ndf6 13. f3 Nxd2 14. Qxd2
Rc8 15. Rfe1 1/2-1/2

[Event "Landesklasse Ost 2015/2016"]
[Site "?"]
[Date "2016.02.14"]
[Round "6"]
[White "Pietzsch, Gerhard"]
[Black "Jank, Kevin"]
[Result "1/2-1/2"]
[WhiteElo "1846"]
[BlackElo "1728"]
[PlyCount "70"]
[EventDate "2016.??.??"]
[WhiteTeam "SV Hermsdorf"]
[BlackTeam "SG Arnstadt-Stadtilm"]

1. e4 e5 2. Nf3 Nc6 3. Bc4 Nf6 4. d4 Nxe4 5. O-O d5 6. Bb5 Be7 7. Nxe5 Bd7 8.
Nxd7 Qxd7 9. f3 Nd6 10. Bxc6 bxc6 11. Re1 O-O 12. Bf4 Rfe8 13. Bg3 Rab8 14. b3
Nf5 15. Bf2 Bf6 16. c3 Rxe1+ 17. Qxe1 Re8 18. Qd2 Qe7 19. Kf1 Bg5 20. Qd3 Be3
21. Qe2 Qd7 22. Qd3 Bf4 23. Kg1 Qe6 24. Na3 Qh6 25. h3 Qg5 26. Nc2 Nh4 27. g4
Ng6 28. Re1 Rxe1+ 29. Nxe1 Bd6 30. Qe3 Qxe3 31. Bxe3 Nf4 32. Bxf4 Bxf4 33. Nc2
Bd2 34. c4 Kf8 35. Kf1 Ke7 1/2-1/2

[Event "Landesklasse Ost 2015/2016"]
[Site "?"]
[Date "2016.02.14"]
[Round "6"]
[White "Schumacher, Andreas"]
[Black "Baulig, Manuel"]
[Result "0-1"]
[WhiteElo "1732"]
[BlackElo "1681"]
[PlyCount "120"]
[EventDate "2016.??.??"]
[WhiteTeam "SG Arnstadt-Stadtilm"]
[BlackTeam "SV Hermsdorf"]

1. d4 Nf6 2. c4 e6 3. Nc3 Bb4 4. a3 Bxc3+ 5. bxc3 O-O 6. Bg5 c5 7. Nf3 Qa5 8.
Bd2 Ne4 9. Qc2 d5 10. e3 Nxd2 11. Qxd2 Nc6 12. Be2 b6 13. O-O Bb7 14. cxd5 exd5
15. Bd3 Rac8 16. Rfd1 Ne7 17. Rab1 Rc7 18. Rb2 Rfc8 19. h3 Ba6 20. Ra1 cxd4 21.
cxd4 Bxd3 22. Qxd3 Rc1+ 23. Rxc1 Rxc1+ 24. Kh2 Rc3 25. Qd2 Rxa3 26. Qc1 Rc3 27.
Rc2 Rxc2 28. Qxc2 f6 29. Qc7 Qa3 30. Nh4 Kf7 31. Nf5 g6 32. Nd6+ Ke6 33. Nb5
Qb4 34. Nxa7 Qd6+ 35. Qxd6+ Kxd6 36. Kg1 Kc7 37. Kf1 Kb7 38. Nb5 Ka6 39. Nc3
Ka5 40. Ke2 b5 41. Kd2 b4 42. Nb1 Ka4 43. Kc2 Nf5 44. Nd2 Nd6 45. f3 f5 46. Nb3
Ka3 47. Nc5 Ka2 48. g4 Nc4 49. e4 fxe4 50. fxe4 dxe4 51. Nxe4 b3+ 52. Kd3 Nb2+
53. Kc3 Nd1+ 54. Kc4 b2 55. Nd2 Ne3+ 56. Kc5 Nf1 57. Ne4 Kb3 58. Kc6 b1=Q 59.
Nc5+ Kc4 60. d5 Qb5+ 0-1

[Event "Landesklasse Ost 2015/2016"]
[Site "?"]
[Date "2016.02.14"]
[Round "6"]
[White "Sperhake, Franz"]
[Black "Rudolf, Robby"]
[Result "1-0"]
[WhiteElo "1750"]
[BlackElo "1501"]
[PlyCount "81"]
[EventDate "2016.??.??"]
[WhiteTeam "SV Hermsdorf"]
[BlackTeam "SG Arnstadt-Stadtilm"]

1. d4 d5 2. Nf3 Nf6 3. Bg5 e6 4. e3 Be7 5. Bd3 Nbd7 6. O-O c5 7. c3 c4 8. Bc2
O-O 9. Nbd2 b5 10. e4 dxe4 11. Nxe4 Bb7 12. Qe2 h6 13. Bxf6 Nxf6 14. Nxf6+ Bxf6
15. a4 a6 16. axb5 axb5 17. Nd2 Bg5 18. Rxa8 Bxa8 19. f4 Be7 20. f5 Bd5 21.
fxe6 Bxe6 22. Qe4 g6 23. Qe2 Qd5 24. Be4 Qg5 25. Nf3 Qh5 26. Qe3 Bd6 27. Bc2
Bd5 28. h3 Be6 29. Nd2 b4 30. Ne4 Be7 31. Nf6+ Bxf6 32. Rxf6 b3 33. Bxg6 Qh4
34. Rf1 Qg5 35. Qxg5 hxg5 36. Be4 Rd8 37. Ra1 Kg7 38. Ra5 f6 39. Ra7+ Bf7 40.
Rc7 Re8 41. Bd5 1-0

[Event "Landesklasse Ost 2015/2016"]
[Site "?"]
[Date "2016.02.14"]
[Round "6"]
[White "Marufke, Kai"]
[Black "Pietsch, Karsten"]
[Result "1/2-1/2"]
[WhiteElo "1786"]
[BlackElo "1668"]
[PlyCount "47"]
[EventDate "2016.??.??"]
[WhiteTeam "SG Arnstadt-Stadtilm"]
[BlackTeam "SV Hermsdorf"]

1. e4 e5 2. Bc4 Nf6 3. d3 Be7 4. Nc3 Nc6 5. Nge2 Na5 6. Bb3 Nxb3 7. axb3 c6 8.
O-O O-O 9. Ng3 d6 10. h3 Be6 11. f4 exf4 12. Bxf4 g6 13. Bh6 Re8 14. Qf3 a6 15.
Nce2 Nd7 16. Nd4 Ne5 17. Qf2 Bg5 18. Nxe6 fxe6 19. Bxg5 Qxg5 20. Qf4 Qe7 21.
Qf6 Nd7 22. Qxe7 Rxe7 23. Rf2 Rf8 24. Re1 1/2-1/2

[Event "Landesklasse Ost 2015/2016"]
[Site "?"]
[Date "2016.02.14"]
[Round "6"]
[White "Wagner, Günther"]
[Black "Anschütz, Mario"]
[Result "1/2-1/2"]
[WhiteElo "1776"]
[BlackElo "1868"]
[PlyCount "81"]
[EventDate "2016.??.??"]
[WhiteTeam "SV Jenapharm Jena"]
[BlackTeam "SSV Vimaria 91 Weimar"]

1. e4 e6 2. d4 d5 3. Nc3 Bb4 4. e5 c5 5. a3 cxd4 6. axb4 dxc3 7. Nf3 Qc7 8. Ra3
cxb2 9. Bxb2 Bd7 10. Bd3 Ne7 11. O-O Ng6 12. Qe2 Nf4 13. Qd2 Nxd3 14. cxd3 b5
15. Bd4 O-O 16. Bc5 Rc8 17. Rfa1 Nc6 18. d4 f6 19. Qe3 Qd8 20. h3 Qe8 21. Nd2
fxe5 22. dxe5 a5 23. bxa5 Nxe5 24. Bd4 Nc6 25. Bb2 b4 26. Rd3 Qf7 27. Nf3 Rf8
28. Ne5 Nxe5 29. Qxe5 Qxf2+ 30. Kh1 Qf6 31. Qe2 Qg6 32. Qe5 Rf5 33. Qd6 Qf7 34.
Rg3 g6 35. Rc1 Rd8 36. Qxb4 e5 37. Qb6 Rf1+ 38. Rxf1 Qxf1+ 39. Kh2 Re8 40. Qd6
Qb5 41. Rxg6+ 1/2-1/2

[Event "Landesklasse Ost 2015/2016"]
[Site "?"]
[Date "2016.02.14"]
[Round "6"]
[White "Gräf, Michael"]
[Black "Thöle, Wolfgang"]
[Result "1-0"]
[WhiteElo "1860"]
[BlackElo "1929"]
[PlyCount "107"]
[EventDate "2016.??.??"]
[WhiteTeam "SSV Vimaria 91 Weimar"]
[BlackTeam "SV Jenapharm Jena"]

1. d4 d5 2. Nf3 Nf6 3. e3 Bg4 4. c4 c6 5. Nc3 Nbd7 6. cxd5 Nxd5 7. Nxd5 cxd5 8.
Qb3 Bxf3 9. gxf3 Qa5+ 10. Bd2 Qb6 11. Bb5 e6 12. Rc1 Bd6 13. Ke2 Ke7 14. Qa4
Qd8 15. Ba5 Nb6 16. Qb3 Rc8 17. Bd3 Rc6 18. Rxc6 bxc6 19. Rc1 Qa8 20. Qc2 Kd7
21. a3 g6 22. b4 Rc8 23. Qb3 Qb7 24. b5 c5 25. dxc5 Rxc5 26. Rxc5 Bxc5 27. Qc3
Qc7 28. Qf6 Ke8 29. Qh8+ Ke7 30. Qxh7 Bxa3 31. Qh4+ Kf8 32. Qf6 Bd6 33. Bc3 e5
34. Ba5 d4 35. h4 Kg8 36. Qg5 Be7 37. Qg4 Qc8 38. exd4 Qxg4 39. fxg4 exd4 40.
h5 gxh5 41. gxh5 Nd5 42. Bd2 Bd6 43. Kf3 Nc3 44. h6 Be7 45. Bf4 f6 46. Bb8 Bc5
47. Bc7 Be7 48. Bg3 Kf7 49. Kg4 Bf8 50. Kh5 Kg8 51. Kg6 Be7 52. h7+ Kh8 53. Kf7
Bd8 54. Bd6 1-0

[Event "Landesklasse Ost 2015/2016"]
[Site "?"]
[Date "2016.02.14"]
[Round "6"]
[White "Riedel, Hans-Joachim"]
[Black "Plontke, Ingo"]
[Result "0-1"]
[WhiteElo "1769"]
[BlackElo "1855"]
[PlyCount "120"]
[EventDate "2016.??.??"]
[WhiteTeam "SV Jenapharm Jena"]
[BlackTeam "SSV Vimaria 91 Weimar"]

1. e4 d6 2. Nc3 g6 3. g3 Bg7 4. Bg2 c6 5. d3 Qb6 6. Nge2 Nf6 7. O-O Bg4 8. h3
Bxe2 9. Nxe2 O-O 10. c3 Nbd7 11. Qc2 Rac8 12. Be3 Qc7 13. f4 e5 14. f5 d5 15.
g4 gxf5 16. Rxf5 dxe4 17. dxe4 Ne8 18. Ng3 Nd6 19. Rf3 Nc4 20. Bg5 f6 21. Bc1
Rf7 22. Nf5 Rd8 23. b3 Nd6 24. Nxg7 Rxg7 25. Be3 Ne8 26. Raf1 Nd6 27. R3f2 b6
28. Qc1 Nf7 29. Kh2 Kh8 30. g5 Nxg5 31. h4 Nf7 32. Bh3 Rdg8 33. Rd1 Nf8 34.
Rxf6 Qe7 35. Rdf1 Ng6 36. Bh6 Nxh6 37. Qxh6 Nf4 38. R1xf4 exf4 39. Qxf4 Qc5 40.
Qf2 Qe5+ 41. Qf4 Qxc3 42. Qf2 Qe5+ 43. Qf4 Qd4 44. Qf2 Qxe4 45. Rf8 Qe5+ 46.
Kh1 Rxf8 47. Qxf8+ Rg8 48. Qf2 Re8 49. Bf1 c5 50. Kg2 Qd4 51. Bc4 Qxf2+ 52.
Kxf2 Re4 53. Kg3 Kg7 54. a4 Kf6 55. Bg8 h6 56. Bc4 Ke5 57. h5 Kd4 58. Kf3 Rh4
59. Bf7 Kc3 60. Kg3 Rd4 0-1

[Event "Landesklasse Ost 2015/2016"]
[Site "?"]
[Date "2016.02.14"]
[Round "6"]
[White "Vogel, Steffen"]
[Black "Skarus, Steffen"]
[Result "1-0"]
[WhiteElo "1803"]
[BlackElo "1768"]
[PlyCount "83"]
[EventDate "2016.??.??"]
[WhiteTeam "SSV Vimaria 91 Weimar"]
[BlackTeam "SV Jenapharm Jena"]

1. d4 g6 2. Nf3 Bg7 3. c4 d6 4. Nc3 Bg4 5. e3 c5 6. d5 Nd7 7. h3 Bxf3 8. Qxf3
Ngf6 9. Qd1 O-O 10. Be2 Rb8 11. O-O Ne8 12. Qc2 Nc7 13. Rb1 a6 14. a4 a5 15. b3
Na6 16. Bb2 Nb4 17. Qd2 Qc8 18. e4 h5 19. Nb5 Bxb2 20. Qxb2 Kh7 21. f4 f6 22.
Bf3 Rf7 23. Qe2 Na6 24. f5 g5 25. Bxh5 Rg7 26. Qe1 Qh8 27. Be2 Kg8 28. Qxa5 Ne5
29. Qd2 Kf7 30. Qd1 Rh7 31. Kf2 Rh4 32. Bg4 Nb4 33. Rg1 Nbd3+ 34. Ke2 Rxg4 35.
hxg4 Qh4 36. Kd2 Nxg4 37. Qe2 Ngf2 38. Nc3 Rg8 39. Rbf1 g4 40. g3 Rh8 41. Rxf2
Qg5+ 42. Kxd3 1-0

[Event "Landesklasse Ost 2015/2016"]
[Site "?"]
[Date "2016.02.14"]
[Round "6"]
[White "Hesse, Norbert"]
[Black "Mitter, Frank"]
[Result "0-1"]
[WhiteElo "1715"]
[BlackElo "1767"]
[PlyCount "64"]
[EventDate "2016.??.??"]
[WhiteTeam "SV Jenapharm Jena"]
[BlackTeam "SSV Vimaria 91 Weimar"]

1. e4 c5 2. Nf3 Nc6 3. d4 cxd4 4. Nxd4 Nf6 5. Nxc6 bxc6 6. Bd3 e5 7. O-O Be7 8.
Nc3 O-O 9. Qe2 d6 10. h3 Qc7 11. b3 d5 12. Na4 dxe4 13. Bxe4 Nxe4 14. Qxe4 Bb7
15. c4 c5 16. Qc2 Rad8 17. Nc3 f5 18. f4 e4 19. Be3 Rd3 20. Rae1 Bf6 21. Nd1
Bd4 22. Rf2 Rd8 23. Kf1 Rxd1 24. Qxd1 Bxe3 25. Qxd8+ Qxd8 26. Rxe3 Qd1+ 27. Re1
Qd3+ 28. Kg1 Bc6 29. Kh2 Be8 30. g4 g6 31. g5 a5 32. Ree2 e3 0-1

[Event "Landesklasse Ost 2015/2016"]
[Site "?"]
[Date "2016.02.14"]
[Round "6"]
[White "Reichardt, Albert"]
[Black "Asmykovich, Ihar"]
[Result "1-0"]
[WhiteElo "1675"]
[BlackElo "1669"]
[PlyCount "81"]
[EventDate "2016.??.??"]
[WhiteTeam "SSV Vimaria 91 Weimar"]
[BlackTeam "SV Jenapharm Jena"]

1. e4 c6 2. d4 d5 3. Nc3 dxe4 4. Nxe4 Nd7 5. Nf3 Ngf6 6. Nxf6+ Nxf6 7. h3 g6 8.
Bc4 Bg7 9. Bf4 Nd5 10. Be5 Bxe5 11. Nxe5 Be6 12. Qf3 Qb6 13. O-O-O O-O-O 14.
Rhe1 Rhf8 15. Qa3 Kb8 16. Bxd5 Bxd5 17. Qxe7 Qc7 18. Qxc7+ Kxc7 19. g3 f6 20.
Ng4 Bg2 21. Ne3 Bxh3 22. d5 cxd5 23. Nxd5+ Kc6 24. c4 Bg2 25. Re6+ Kc5 26. b4+
Kxc4 27. Ne3+ Kxb4 28. Nxg2 Rxd1+ 29. Kxd1 Ka3 30. Re2 Rd8+ 31. Kc1 a5 32. Ne3
b5 33. Kb1 f5 34. Nc2+ Ka4 35. Re3 b4 36. Kb2 f4 37. gxf4 Rf8 38. Re4 h5 39.
Nd4 g5 40. Ne2 g4 41. Nc3# 1-0

[Event "Landesklasse Ost 2015/2016"]
[Site "?"]
[Date "2016.02.14"]
[Round "6"]
[White "Klee, Otto"]
[Black "Koch, Herbert"]
[Result "0-1"]
[WhiteElo "1488"]
[BlackElo "1470"]
[PlyCount "44"]
[EventDate "2016.??.??"]
[WhiteTeam "SSV Vimaria 91 Weimar"]
[BlackTeam "SV Jenapharm Jena"]

1. e4 e6 2. d4 d5 3. exd5 exd5 4. Qf3 c6 5. Bd3 Qf6 6. Qxf6 Nxf6 7. Bf4 Nh5 8.
Bg5 h6 9. Be3 Bd6 10. Ne2 O-O 11. f4 Bg4 12. Rf1 Re8 13. Kd2 Nf6 14. Ng3 Ne4+
15. Bxe4 dxe4 16. f5 Bxg3 17. hxg3 Nd7 18. Rf4 h5 19. Nc3 Nf6 20. Re1 Rad8 21.
Bf2 Nd5 22. Rfxe4 Rxe4 {ZÜ} 0-1

[Event "Landesklasse Ost 2015/2016"]
[Site "?"]
[Date "2016.02.14"]
[Round "6"]
[White "Neubauer, Ralf"]
[Black "Sieber, Stephan"]
[Result "0-1"]
[WhiteElo "1840"]
[BlackElo "2112"]
[PlyCount "64"]
[EventDate "2016.??.??"]
[WhiteTeam "SV Schott Jena"]
[BlackTeam "SV Empor Erfurt"]

1. e4 c5 2. Nf3 d6 3. d4 cxd4 4. Nxd4 Nf6 5. Nc3 a6 6. Be3 e6 7. f3 b5 8. Bd3
Bb7 9. O-O Nbd7 10. Qd2 Qc7 11. a3 d5 12. exd5 Nxd5 13. Nxd5 Bxd5 14. Rfc1 Bd6
15. h3 Rd8 16. a4 bxa4 17. Rxa4 Nc5 18. Raa1 Nxd3 19. Qxd3 Bb7 20. Qb3 O-O 21.
c4 Rb8 22. Qc3 Be5 23. b4 Rfd8 24. Rd1 Bf6 25. f4 e5 26. fxe5 Qxe5 27. Ra2 Re8
28. Re2 Rbd8 29. Kf1 Qh2 30. Rdd2 Qh1+ 31. Bg1 Rxe2 32. Rxe2 h6 0-1